| 000 | 01033cas a2200313 i 4500 | ||
|---|---|---|---|
| 999 |
_c200452621 _d70833 |
||
| 001 | 200452621 | ||
| 003 | TR-AnTOB | ||
| 005 | 20230322163545.0 | ||
| 007 | ta | ||
| 008 | 230322s19959999tu d 000 0 tur d | ||
| 035 | _a(TR-AnTOB)200452621 | ||
| 040 |
_aTR-AnTOB _beng _erda _cTR-AnTOB |
||
| 041 | 0 |
_atur _aeng |
|
| 050 | 4 |
_bHD9526.T92 _aE73 |
|
| 090 |
_aHD9526.T92 _bE73 |
||
| 245 | 0 | 0 |
_aErdemir istatistik yıllığı = _bErdemir statistical yearbook. |
| 246 | 3 | 1 | _aErdemir statistical yearbook |
| 264 | 1 |
_aEreğli : _bEreğli Demir ve Çelik Fabrikaları T.A.Ş., _c1995- |
|
| 300 |
_avolumes : _bdiagrams, tables ; _c28 cm |
||
| 336 |
_2rdacontent _atext _btxt |
||
| 337 |
_2rdamedia _aunmediated _bn |
||
| 338 |
_2rdacarrier _avolume _bnc |
||
| 650 | 7 |
_aDemir endüstrisi ve ticareti _zTürkiye _2etuturkob _964215 |
|
| 650 | 7 |
_aÇelik endüstrisi ve ticareti _zTürkiye _2etuturkob _937725 |
|
| 710 | 2 |
_aEreğli Demir-Çelik (Firm) _9141365 |
|
| 942 |
_2lcc _cCR |
||